000 00483nam a2200181Ia 4500
005 20250508152559.0
008 008 250505s9999 xx 000 0 eng d
037 _aTextual
040 _aFEDL
_beng
_cFEDL
041 _aeng
_2eng
084 _a821.04, BOW
_qFEDL
100 _aBowra C M
245 0 _aRomantic imagination
260 _aLondon, UK
_bOxford University Press
_c1950
300 _a306p.
942 _cTEXL
_h821.04, BOW
999 _c1337392
_d1337392